Statistics for Dead Milkmen, "Punk Rock Girl" Lyrics Rhymes

Click here to take the quiz!

General Stats

  • This quiz has been taken 3 times
  • The average score is 8 of 12

Answer Stats

QuestionAnswer% Correct
Her favorite wood is burlFalse
100%
The witch said "what a world"False
100%
We'll dress like Minnie PearlTrue
100%
Rich as the Duke of EarlTrue
100%
We'll name her Minnie PearlTrue
100%
Eat fudge banana swirlTrue
100%
Your dad gave me a twirlFalse
50%
Your brain network is neuralFalse
50%
Your brain is like a squirrelFalse
50%
She wants to chase a squirrelFalse
50%
We'll give this thing a whirlFalse
0%
Her hair is always curledFalse
0%

Score Distribution

Percentile by Number Answered

Percent of People with Each Score

Your Score History

You have not taken this quiz